书目信息 |
| 题名: |
新型化工小产品制造技术
|
|
| 作者: | 张文富 主编 | |
| 分册: | 第一集 | |
| 出版信息: | 天津 天津大学出版社 2000 |
|
| 页数: | 344 | |
| 开本: | 19cm | |
| 丛书名: | ||
| 单 册: | ||
| 中图分类: | TQ07 | |
| 科图分类: | ||
| 主题词: | 化工产品 , 化工产品:副产品 | |
| 电子资源: | ||
| ISBN: | 7-5618-1273-6 | |
| 000 | 00579nam0 2200193 450 | |
| 001 | 0754114953 | |
| 005 | 20070929150154.95 | |
| 010 | @a7-5618-1273-6 | |
| 100 | @a20070929d km y0chiy0120 ea | |
| 101 | 0 | @achi |
| 200 | 1 | @a新型化工小产品制造技术@Axin xing hua gong xiao chan pin zhi zao ji shu@h第一集@f张文富 主编@Fzhang wen fu zhu bian |
| 210 | @a天津@c天津大学出版社@d2000 | |
| 215 | @a344@d19cm | |
| 606 | 0 | @a化工产品 |
| 606 | 0 | @a化工产品:副产品 |
| 690 | @aTQ07@v3 | |
| 701 | 0 | @a张文富@Azhang wen fu@4主编 |
| 801 | 0 | @aCN@bPFT@c20070929 |
| 905 | @a213230@dTQ07@eh102@f1 | |
| 新型化工小产品制造技术.第一集/张文富 主编.-天津:天津大学出版社,2000 |
| 344;19cm |
| ISBN 7-5618-1273-6: |
| ● |
| 相关链接 |
|
|
|
|
正题名:新型化工小产品制造技术
索取号:TQ07/h102
 
预约/预借
| 序号 | 登录号 | 条形码 | 馆藏地/架位号 | 状态 | 备注 |
| 1 | 6001558 | 260015584 | 密集书库-化学系/ [索取号:TQ07/h102] | 在馆 |